Get the Picture: Star Trek or Star Wars Species Quiz Stats

 Plays Quiz Updated Aug 15, 2019

Score 0/16 Timer 03:00
0 Plays Today
Question Answer Wrong Answers
Ewok Star Wars
95.3%
Star Trek
1.5%
Hutt Star Wars
94.7%
Star Trek
1.8%
Wookiee Star Wars
94.7%
Star Trek
1.7%
Jawa Star Wars
93.6%
Star Trek
2.9%
Klingon Star Trek
93.4%
Star Wars
3.2%
Vulcan Star Trek
93%
Star Wars
3.4%
Tusken Raider Star Wars
89.7%
Star Trek
6.6%
Borg Star Trek
89.1%
Star Wars
7.3%
Ferengi Star Trek
86.4%
Star Wars
10.1%
Species 8472 Star Trek
85.2%
Star Wars
11.4%
Gorn Star Trek
84.2%
Star Wars
11.9%
Gungan Star Wars
79.5%
Star Trek
17.4%
Mon Calamari Star Wars
76.6%
Star Trek
19.9%
Cardassian Star Trek
68.5%
Star Wars
27.8%
Andorian Star Trek
66.3%
Star Wars
30.3%
Kaminoan Star Wars
62%
Star Trek
34.5%

Today's Daily Dose

You're not logged in!

Compare scores with friends on all Sporcle quizzes.
OR
Log In

Sporcle TV

Today on Sporcle TV


Watch our educational content, quiz creation guides, and fun videos on Sporcle TV.

Show Comments

Extras

Top Quizzes Today


Score Distribution

Your Account Isn't Verified!

In order to create a playlist on Sporcle, you need to verify the email address you used during registration. Go to your Sporcle Settings to finish the process.

Report this User

Report this user for behavior that violates our Community Guidelines.

Details: